Implementace enterprise portálu ve společnosti AT Computers, a.s.

Popis spoločnosti. Informácie a kontrolingu a o projekte. Zhodnotenie výsledkov projektu.

Saved in:
Bibliographic Details
Main Author: Lach, Tomáš
Format: Book Chapter
Language:Czech
Subjects:
Tags: Add Tag
No Tags, Be the first to tag this record!

MARC

LEADER 00000naa$a2200000$$$4500
001 0091135
005 20230509080107.4
041 0 |a cze 
044 |a CZ 
245 1 0 |a Implementace enterprise portálu ve společnosti AT Computers, a.s.  |c Tomáš Lach 
520 |a Popis spoločnosti. Informácie a kontrolingu a o projekte. Zhodnotenie výsledkov projektu. 
610 2 0 |a kontroling 
610 2 0 |a ukazovatele 
610 2 0 |a spoločnosti akciové 
610 2 0 |a projekty 
610 2 0 |a riadenie projektové 
100 1 |a Lach, Tomáš